Discovering indigenous lands : (Record no. 14774)

MARC details
000 -LEADER
fixed length control field 00773cam a22002172 4500
001 - CONTROL NUMBER
control field 0000024579
005 - DATE AND TIME OF LATEST TRANSACTION
control field 20151217160604.0
008 - FIXED-LENGTH DATA ELEMENTS--GENERAL INFORMATION
fixed length control field 140108s xx 000 0 eng d
020 ## - INTERNATIONAL STANDARD BOOK NUMBER
International Standard Book Number 0199651856 :
040 ## - CATALOGING SOURCE
Original cataloging agency KABU
Transcribing agency KABU
245 10 - TITLE STATEMENT
Title Discovering indigenous lands :
Remainder of title the doctrine of discovery in the English colonies /
Statement of responsibility, etc. Robert J. Miller ... [et al]
250 ## - EDITION STATEMENT
Edition statement 1st ed.
260 ## - PUBLICATION, DISTRIBUTION, ETC. (IMPRINT)
Place of publication, distribution, etc. Oxford :
Name of publisher, distributor, etc. O. U. P.,
Date of publication, distribution, etc. 2012.
300 ## - PHYSICAL DESCRIPTION
Extent xx, 294 p.
650 #0 - SUBJECT ADDED ENTRY--TOPICAL TERM
Topical term or geographic name as entry element Constitutional law
Geographic subdivision Great Britain
-- Colonies.
-- 0000184904
650 #0 - SUBJECT ADDED ENTRY--TOPICAL TERM
Topical term or geographic name as entry element Indigenous people
General subdivision Civil rights
Geographic subdivision Great Britain
-- Colonies.
-- 0000184905
700 1# - ADDED ENTRY--PERSONAL NAME
Personal name Miller, Robert J...[et al]
-- 0000184906
852 1# - LOCATION
-- p2700 KES
908 ## - PUT COMMAND PARAMETER (RLIN)
Put command parameter 140108
950 ## - LOCAL HOLDINGS (RLIN)
-- 1
Holdings
Withdrawn status Lost status Source of classification or shelving scheme Not for loan Home library Current library Date acquired Total Checkouts Full call number Barcode Date last seen Price effective from Koha item type
    Library of Congress Classification   Kabarak, Main Campus Kabarak, Main Campus 17/12/2015   KD5025 .D57 2012 c. 1 016343 17/12/2015 17/12/2015 General Collection
Designed with assistance from East African Informatics Ltd